Normal view
MARC view
Entry Personal Name
001 - CONTROL NUMBER
- control field: 56523
003 - CONTROL NUMBER IDENTIFIER
- control field: OSt
005 - DATE AND TIME OF LATEST TRANSACTION
- control field: 20250827152409.0
008 - FIXED-LENGTH DATA ELEMENTS
- fixed length control field: 250827|| aca||aabn | a|a d
040 ## - CATALOGING SOURCE
- Original cataloging agency: OSt
- Transcribing agency: OSt
100 ## - HEADING--PERSONAL NAME
- Personal name: Moorthy, N. Sathiya
670 ## - SOURCE DATA FOUND
- Source citation: Work cat.: (OSt)527221: Moorthy, N. Sathiya , People-centric, not personality-driven: India’s neighborhood approach in IOR
